[Event "Let's Play Chess!"]
[Site "http://www.queenalice.com/game.php?id=1484697"]
[Date "2017.7.3"]
[Round "-"]
[White "Delbo"]
[Black "SannyMcPoepst"]
[Result "0-1"]
[WhiteElo "1974"]
[BlackElo "1871"]

1. e4 d5 2. exd5 Qxd5 3. Nc3 Qd6 4. Nf3 Nf6 5. d4 a6 6. Be3 Nc6 7. Be2 Bf5 8.
O-O O-O-O 9. Na4 e5 10. dxe5 Qe6 11. Qc1 Nxe5 12. Nxe5 Qxe5 13. Rd1 Bd6 14. g3
Bh3 15. Bf1 Bg4 16. Re1 Qe8 17. Nc3 Qd7 18. Ne2 Rhe8 19. c4 Bh3 20. Nf4 Bxf1 0-1

[Event "Let's Play Chess!"]
[Site "http://www.queenalice.com/game.php?id=1484846"]
[Date "2017.7.4"]
[Round "-"]
[White "SannyMcPoepst"]
[Black "ANGELOAZZURRO"]
[Result "1-0"]
[WhiteElo "1897"]
[BlackElo "1414"]

1. e4 e5 2. Nf3 d6 3. d4 Nf6 4. dxe5 Nxe4 5. Qe2 Bf5 6. exd6 Bxd6 7. Nd4 Nc6 8.
Nxf5 g6 9. Qxe4+ Be5 10. Ng3 f5 11. Qe3 f4 12. Qc5 fxg3 13. hxg3 a5 14. Nc3 b6
15. Qxc6+ Kf7 16. Bc4+ Kg7 17. O-O Re8 18. Be3 h5 19. Rad1 Qc8 20. Rd7+ Kh8 21.
Ne4 Rd8 22. Rfd1 Bd6 23. Rxd8+ Qxd8 24. Nxd6 cxd6 25. Rxd6 Qe7 26. Qxa8+ Kh7 27.
Qg8# 1-0

[Event "Challenge"]
[Site "http://www.queenalice.com/game.php?id=1485231"]
[Date "2017.7.7"]
[Round "-"]
[White "SannyMcPoepst"]
[Black "iliov2008"]
[Result "1-0"]
[WhiteElo "1895"]
[BlackElo "1385"]

1. e4 e5 2. Nf3 d6 3. d4 Bg4 4. dxe5 dxe5 5. Qxd8+ Kxd8 6. Nxe5 Be6 7. Be3 f6 8.
Nf3 Bb4+ 9. Nbd2 Bxd2+ 10. Nxd2 Nc6 11. Nc4 Nb4 12. O-O-O+ Ke7 13. Kb1 Bxc4 14.
Bxc4 Nh6 15. a3 Na6 16. Rhe1 Rhd8 17. f4 Rxd1+ 18. Rxd1 Ng4 19. Bg1 Rd8 20. Rxd8
Kxd8 21. h3 Nh6 22. g4 b6 23. Bxa6 c5 24. Kc1 Nf7 25. Bc4 Nd6 26. Bd5 g6 27. Bf2
Kd7 28. Kd2 f5 29. e5 Nc8 30. Bg8 fxg4 31. hxg4 h5 32. gxh5 gxh5 33. Bf7 Ne7 34.
Bxh5 Nf5 35. Bg4 Ke6 36. Kd3 a5 37. Ke4 Kd7 38. Bxf5+ Kc6 39. c4 b5 40. cxb5+
Kxb5 41. Kd5 c4 42. Bd7+ 1-0

[Event "Let's Play Chess!"]
[Site "http://www.queenalice.com/game.php?id=1485646"]
[Date "2017.7.12"]
[Round "-"]
[White "SannyMcPoepst"]
[Black "ANGELOAZZURRO"]
[Result "1-0"]
[WhiteElo "1895"]
[BlackElo "1431"]

1. e4 e5 2. Nf3 d6 3. d4 Bg4 4. dxe5 Bxf3 5. Qxf3 f6 6. exf6 Qxf6 7. Qb3 b6 8.
Be2 Nc6 9. Bb5 Ne7 10. Qc4 Kd8 11. Bxc6 Nxc6 12. Qxc6 Rb8 13. Nc3 h5 14. Nd5 Qf7
15. Bg5+ Kc8 16. O-O g6 17. f4 Bg7 18. Ne7+ Kd8 19. e5 dxe5 20. Rad1+ 1-0

[Event "Let's Play Chess!"]
[Site "http://www.queenalice.com/game.php?id=1485653"]
[Date "2017.7.12"]
[Round "-"]
[White "ulisses34"]
[Black "SannyMcPoepst"]
[Result "1/2-1/2"]
[WhiteElo "1858"]
[BlackElo "1897"]

1. e4 d5 2. e5 c5 3. Nf3 Nc6 4. Bb5 Qb6 5. Bxc6+ bxc6 6. O-O Bg4 7. d3 e6 8.
Nbd2 Ne7 9. Nb3 Ng6 10. Re1 Be7 11. Bd2 O-O 12. Re3 Bg5 13. Re1 Bxd2 14. Qxd2
Bxf3 15. gxf3 Qc7 16. f4 Qe7 17. Qe3 d4 18. Qg3 f6 19. Nd2 fxe5 20. fxe5 Rf5 21.
Re4 Raf8 22. Rf1 Nf4 23. Nf3 Nh5 24. Qg4 Rxf3 25. Qxh5 R8f5 26. Qh4 Qf7 27. Qd8+
Qf8 28. Qxf8+ Kxf8 29. Kg2 Kf7 30. h4 Kg6 31. Rg4+ Kh6 32. Rg5 R3f4 33. Rxf5
Rxf5 34. Re1 Kh5 35. Re4 g5 36. Kg3 gxh4+ 37. Rxh4+ Kg6 38. f4 h5 39. Kf3 Kf7
40. Ke2 Ke7 41. Kd2 Kd7 42. c3 Kc7 43. cxd4 cxd4 44. b4 Kb6 45. Kc2 c5 46. bxc5+
Kxc5 47. Kb3 Rf8 48. a3 Rb8+ 49. Ka4 Rf8 50. Ka5 Rb8 51. Ka4 Rb2 52. Rxh5 Rf2
53. Rh7 Rxf4 54. Rxa7 Rf3 55. Ra5+ Kc6 56. Ra6+ Kd7 57. Ra7+ Ke8 58. Ra8+ Kf7
59. Ra7+ Kg6 60. Kb4 Rxd3 61. Kc4 Rd1 62. Rd7 Rc1+ 63. Kb3 Kf5 64. Rxd4 Kxe5 65.
Rd2 Rc8 66. a4 Ra8 1/2-1/2

[Event "Let's Play Chess!"]
[Site "http://www.queenalice.com/game.php?id=1487619"]
[Date "2017.7.27"]
[Round "-"]
[White "SannyMcPoepst"]
[Black "ulisses34"]
[Result "1-0"]
[WhiteElo "1895"]
[BlackElo "1871"]

1. e4 e5 2. Nf3 d6 3. d4 Nc6 4. dxe5 Nxe5 5. Nxe5 dxe5 6. Qxd8+ Kxd8 7. Be3 Ke8
8. Nc3 Bd7 9. O-O-O Bc6 10. Bb5 Bxb5 11. Nxb5 c6 12. Nc7+ 1-0

[Event "Let's Play Chess!"]
[Site "http://www.queenalice.com/game.php?id=1487620"]
[Date "2017.7.27"]
[Round "-"]
[White "SannyMcPoepst"]
[Black "josebaron"]
[Result "0-1"]
[WhiteElo "1911"]
[BlackElo "2078"]

1. e4 e5 2. Nf3 Nc6 3. d4 exd4 4. Nxd4 d6 5. Bb5 Bd7 6. Nxc6 Bxc6 7. Bxc6+ bxc6
8. O-O Nf6 9. Re1 Be7 10. c4 O-O 11. Nc3 h6 12. b3 a5 13. Bb2 Nd7 14. Qg4 Ne5
15. Qe2 f5 16. Rad1 f4 17. Qh5 Qe8 18. Qh3 f3 19. g3 Qg6 20. Nb1 Ng4 21. e5 dxe5
22. Bxe5 Rad8 23. Rxd8 Bxd8 24. Qf1 Qh5 25. h4 Nxe5 0-1

[Event "Let's Play Chess!"]
[Site "http://www.queenalice.com/game.php?id=1487621"]
[Date "2017.7.27"]
[Round "-"]
[White "josebaron"]
[Black "SannyMcPoepst"]
[Result "0-1"]
[WhiteElo "2087"]
[BlackElo "1902"]

1. e4 d5 2. exd5 Qxd5 3. Nc3 Qd6 4. d4 Nf6 5. Nf3 a6 6. Be2 Nc6 7. O-O Bg4 8.
Be3 O-O-O 9. h3 Bxf3 10. Bxf3 Nxd4 11. Bxd4 Qxd4 12. Qc1 e5 13. Rd1 Qh4 14.
Rxd8+ Kxd8 15. Qd2+ Bd6 16. Bxb7 Ke7 17. Bxa6 g5 18. Nd5+ Nxd5 19. Qxd5 g4 20.
Bc4 Rf8 21. a4 gxh3 22. g3 Qg4 23. Kh2 f5 24. Re1 f4 25. Rg1 fxg3+ 26. fxg3 Rf2+
27. Kh1 e4 28. Qd1 Bxg3 0-1

[Event "Let's Play Chess!"]
[Site "http://www.queenalice.com/game.php?id=1487754"]
[Date "2017.7.27"]
[Round "-"]
[White "SannyMcPoepst"]
[Black "chessman"]
[Result "1-0"]
[WhiteElo "1925"]
[BlackElo "1916"]

1. e4 e6 2. d4 d5 3. e5 c5 4. c3 cxd4 5. cxd4 Nc6 6. Nf3 Bb4+ 7. Nc3 Nge7 8. Bd3
Qb6 9. Bc2 Nf5 10. Be3 Nxe3 11. fxe3 h6 12. O-O Bd7 13. Na4 Qc7 14. Rc1 O-O 15.
Qd3 g6 16. Nh4 Be8 17. Rf6 Be7 18. Nxg6 Bxf6 19. Ne7+ 1-0

[Event "Let's Play Chess!"]
[Site "http://www.queenalice.com/game.php?id=1488355"]
[Date "2017.8.2"]
[Round "-"]
[White "SannyMcPoepst"]
[Black "manuelito"]
[Result "0-1"]
[WhiteElo "1949"]
[BlackElo "1723"]

1. e4 e5 2. Nf3 d6 3. d4 exd4 4. Nxd4 Nf6 5. Bd3 Be7 6. O-O O-O 7. Nc3 Be6 8. f4
Bg4 9. Qe1 Qd7 10. h3 Bxh3 11. f5 Bg4 12. Qg3 Bh5 13. Be3 Ng4 14. Rae1 g5 15.
Be2 Nxe3 16. Qxe3 Bxe2 17. Rxe2 Bf6 18. Rd1 h6 19. Nd5 Kg7 20. Nxf6 Kxf6 21. Nf3
Nc6 0-1

[Event "Let's Play Chess!"]
[Site "http://www.queenalice.com/game.php?id=1488356"]
[Date "2017.8.1"]
[Round "-"]
[White "ulisses34"]
[Black "SannyMcPoepst"]
[Result "0-1"]
[WhiteElo "1736"]
[BlackElo "1941"]

1. e4 d5 2. Nc3 dxe4 3. Nxe4 e5 4. d3 Nf6 5. Qf3 Be7 6. Bd2 O-O 7. Qg3 Nh5 8.
Qxe5 Nf6 9. Be2 Nc6 10. Nxf6+ Bxf6 11. Qb5 Re8 12. c3 a6 13. Qb3 Qxd3 14. Be3
Qg6 15. Bf3 Ne5 16. Qd1 Nc4 17. Qa4 Be6 18. Ne2 b5 19. Qd1 Nxe3 20. fxe3 Rad8
21. Nd4 c5 22. Bh5 Qxg2 23. Rf1 cxd4 24. Qe2 Qxe2+ 25. Kxe2 Bc4+ 0-1

[Event "Let's Play Chess!"]
[Site "http://www.queenalice.com/game.php?id=1488871"]
[Date "2017.8.4"]
[Round "-"]
[White "SannyMcPoepst"]
[Black "Chphil"]
[Result "0-1"]
[WhiteElo "1908"]
[BlackElo "1771"]

1. e4 c5 2. Nf3 d6 3. Bb5+ Bd7 4. Bxd7+ Qxd7 5. c4 Nf6 6. Nc3 Nc6 7. O-O e5 8.
Qc2 Be7 9. b3 O-O 10. Bb2 Nd4 11. Nxd4 exd4 12. Nd5 Nxd5 13. exd5 Rfe8 14. Rae1
Bf6 15. d3 Rxe1 16. Rxe1 Re8 17. Rxe8+ Qxe8 18. Kf1 Qe5 19. Qe2 Qxe2+ 20. Kxe2
Bg5 21. g3 a6 22. h4 Bf6 23. Bc1 h5 24. Bf4 Be5 25. Bxe5 dxe5 26. Kf3 f5 27. Kg2
Kf7 28. f3 Ke7 29. a3 g6 30. b4 cxb4 31. axb4 b6 32. Kf2 Kd6 33. f4 e4 34. dxe4
fxe4 0-1

[Event "Let's Play Chess!"]
[Site "http://www.queenalice.com/game.php?id=1488872"]
[Date "2017.8.4"]
[Round "-"]
[White "Chphil"]
[Black "SannyMcPoepst"]
[Result "1-0"]
[WhiteElo "1831"]
[BlackElo "1896"]

1. e4 d5 2. exd5 Qxd5 3. Nc3 Qd6 4. d4 Nf6 5. Nf3 a6 6. Be2 Nc6 7. O-O Bf5 8.
Be3 O-O-O 9. a3 g6 10. Bc4 e6 11. h3 h5 12. Re1 Bg7 13. Qc1 Ne4 14. Nxe4 Bxe4
15. Nd2 Bd5 16. Bxd5 Qxd5 17. c3 g5 18. Nf3 g4 19. Ng5 gxh3 20. Nxh3 e5 21. c4
Qd7 22. d5 Nd4 23. Bxd4 exd4 24. Qd1 Rdg8 25. Re4 Bf6 26. Nf4 Qf5 27. Qd3 Qg5
28. Rae1 h4 29. Qf3 d3 30. Qxd3 Bxb2 31. Rb1 Be5 32. Qh3+ Kb8 33. Nd3 f6 34.
Rbe1 Bc3 35. Rc1 Ba5 36. Rb1 f5 37. Re6 Bb6 38. c5 Ba7 39. c6 b5 40. Rf1 Qd2 41.
Qxf5 Rg3 42. Nf4 Rhg8 43. Rf6 Bc5 44. Kh1 Bxf2 45. Rf8+ Rxf8 46. Qxf8+ Ka7 47.
Qc8 Kb6 48. Qb7+ Kc5 49. Rxf2 Qxf2 50. Qa7+ 1-0

[Event "Challenge"]
[Site "http://www.queenalice.com/game.php?id=1489527"]
[Date "2017.8.10"]
[Round "-"]
[White "AlekinePb"]
[Black "SannyMcPoepst"]
[Result "1-0"]
[WhiteElo "1927"]
[BlackElo "1924"]

1. d4 Nf6 2. c4 c5 3. d5 e6 4. Nc3 exd5 5. cxd5 d6 6. e4 g6 7. g3 Bg7 8. Bg2 O-O
9. Nge2 Nbd7 10. O-O Ne5 11. f4 Neg4 12. h3 Nh6 13. Be3 Re8 14. g4 Nhxg4 15.
hxg4 Nxg4 16. Bf2 h5 17. Qe1 Nxf2 18. Qxf2 h4 19. Qf3 Bf6 20. Bh3 Kg7 21. f5 Re5
22. Qg4 Kf8 23. Qf3 g5 24. Qh5 Qa5 25. Qh6+ Ke7 26. Nc1 Qb4 27. Rb1 Qd4+ 28. Kh2
a6 29. Qh5 b5 30. Qf3 b4 31. N1e2 Qc4 32. b3 Qb5 33. Nxb5 1-0

[Event "Let's Play Chess!"]
[Site "http://www.queenalice.com/game.php?id=1489972"]
[Date "2017.8.12"]
[Round "-"]
[White "SannyMcPoepst"]
[Black "chessplayer123"]
[Result "0-1"]
[WhiteElo "1892"]
[BlackElo "1826"]

1. e4 c5 2. Nf3 d6 3. Bb5+ Bd7 4. Bxd7+ Nxd7 5. c4 e5 6. Nc3 Ngf6 7. O-O Be7 8.
Re1 Nf8 9. a3 Ng6 10. b4 b6 11. Nd5 Nxd5 12. exd5 O-O 13. d3 f5 14. bxc5 bxc5
15. Bd2 Bf6 16. Rb1 Kh8 17. Qc1 f4 18. Bc3 a5 19. Qc2 a4 20. Rb5 Qd7 21. Reb1
Rfc8 22. Rb7 Qe8 23. Qb2 Ne7 24. Qb6 Nf5 25. Nd2 Bd8 26. Qb2 h6 27. Ne4 Be7 28.
Rb6 Kg8 29. g3 fxg3 30. fxg3 Rd8 31. Rf1 Ne3 32. Rf3 Nd1 33. Qc2 Nxc3 34. Qxc3
Qh5 35. Kg2 Rf8 36. Rxf8+ Rxf8 37. Nxd6 Qe2+ 38. Kh3 Qh5+ 39. Kg2 Qf3+ 40. Kh3
Qf1+ 41. Kg4 h5+ 42. Kxh5 Qh3+ 43. Kg6 Qh6# 0-1

[Event "Challenge"]
[Site "http://www.queenalice.com/game.php?id=1490287"]
[Date "2017.8.15"]
[Round "-"]
[White "SannyMcPoepst"]
[Black "AlekinePb"]
[Result "0-1"]
[WhiteElo "1908"]
[BlackElo "1906"]

1. e4 d6 2. d4 Nf6 3. Nc3 g6 4. Bd3 Bg7 5. Nge2 O-O 6. O-O Nc6 7. Be3 Nb4 8. a3
Nxd3 9. Qxd3 c6 10. f4 e5 11. fxe5 dxe5 12. dxe5 Ng4 13. Qxd8 Rxd8 14. Bg5 Re8
15. Rad1 Nxe5 16. Rd8 Be6 17. Rxa8 Rxa8 18. Rd1 f6 19. Be3 Nc4 20. Bc1 Kf7 21.
Nf4 Re8 22. Nxe6 Kxe6 23. b3 Ne5 24. Ne2 Re7 25. c4 Rd7 26. Rxd7 Kxd7 27. h3 Nd3
28. Be3 a6 29. Kf1 Ke6 30. Nf4+ Nxf4 31. Bxf4 f5 32. exf5+ Kxf5 33. g3 Be5 34.
Bxe5 Kxe5 35. Ke2 Kd4 36. Kd2 a5 37. a4 g5 0-1

[Event "Let's Play Chess!"]
[Site "http://www.queenalice.com/game.php?id=1491658"]
[Date "2017.8.25"]
[Round "-"]
[White "SannyMcPoepst"]
[Black "josebaron"]
[Result "1-0"]
[WhiteElo "1873"]
[BlackElo "2040"]

1. e4 e5 2. Nf3 Nc6 3. d4 exd4 4. Nxd4 d6 5. Be3 Nf6 6. Bd3 Be7 7. O-O O-O 8. h3
h6 9. c3 a6 10. Nd2 Re8 11. f4 Nh7 12. Qf3 Bf6 13. Nxc6 bxc6 14. Rad1 Bd7 15. e5
dxe5 16. fxe5 Ng5 17. Bxg5 Bxg5 18. Qxf7+ Kh8 19. Nf3 Rf8 20. Qg6 Kg8 21. Nxg5
Rxf1+ 22. Rxf1 Qxg5 23. Qh7# 1-0

[Event "Let's Play Chess!"]
[Site "http://www.queenalice.com/game.php?id=1492355"]
[Date "2017.8.31"]
[Round "-"]
[White "ulisses34"]
[Black "SannyMcPoepst"]
[Result "1-0"]
[WhiteElo "1753"]
[BlackElo "1920"]

1. e4 d5 2. e5 c5 3. d3 Nc6 4. Bf4 Bf5 5. Be2 e6 6. Nf3 Nge7 7. Qd2 Ng6 8. Bg3
Qc7 9. O-O Be7 10. Nc3 O-O 11. Nb5 Qd7 12. d4 cxd4 13. Nbxd4 Bg4 14. Nxc6 Qxc6
15. Nd4 1-0

[Event "Let's Play Chess!"]
[Site "http://www.queenalice.com/game.php?id=1506890"]
[Date "2017.12.5"]
[Round "-"]
[White "SannyMcPoepst"]
[Black "ulisses34"]
[Result "1-0"]
[WhiteElo "1897"]
[BlackElo "1751"]

1. e4 e5 2. Nf3 d6 3. d4 exd4 4. Nxd4 Be7 5. Bc4 Nc6 6. Be3 Bf6 7. O-O Be5 8. f4
Bf6 9. c3 Nh6 10. Nxc6 bxc6 11. Qa4 Bd7 12. Qc2 Ng4 13. Rf3 Nxe3 14. Rxe3 O-O
15. Nd2 Bg4 16. e5 dxe5 17. fxe5 Bg5 18. Rg3 Bh5 19. Nf3 Bf4 20. Rd1 Qe7 21. Rh3
Bxf3 22. Qxh7# 1-0

[Event "Let's Play Chess!"]
[Site "http://www.queenalice.com/game.php?id=1510243"]
[Date "2018.1.3"]
[Round "-"]
[White "charles31"]
[Black "SannyMcPoepst"]
[Result "0-1"]
[WhiteElo "1783"]
[BlackElo "1907"]

1. Nf3 Nf6 2. d4 c5 3. dxc5 Qa5+ 4. Nc3 Qxc5 5. e4 e6 6. Be3 Qc7 7. Bd3 Bd6 8.
a3 Nc6 9. h3 a6 10. Nd4 O-O 11. f4 Bxf4 12. Bxf4 Qxf4 13. Nxc6 dxc6 14. Qe2 b5
15. Rf1 Qg5 16. Qf2 c5 17. h4 Qh6 18. e5 Nd7 19. g4 Nxe5 20. Be2 Qg6 21. Qxc5
Nd7 22. Qc6 Ra7 23. Ne4 Ne5 24. Qc5 Qxe4 25. Rd1 Ra8 26. Rd4 Qe3 27. Rff4 Bb7
28. Rfe4 Nf3+ 0-1

[Event "Let's Play Chess!"]
[Site "http://www.queenalice.com/game.php?id=1510366"]
[Date "2018.1.3"]
[Round "-"]
[White "SannyMcPoepst"]
[Black "paolop69"]
[Result "1-0"]
[WhiteElo "1918"]
[BlackElo "1777"]

1. e4 e5 2. Nf3 d6 3. d4 Nd7 4. dxe5 Nxe5 5. Nxe5 dxe5 6. Qxd8+ Kxd8 7. Bd3 Bb4+
8. c3 Bc5 9. O-O f6 10. Nd2 a6 11. Nb3 Bb6 12. Re1 c5 13. Be3 Ba7 14. Nxc5 Ne7
15. Rad1 Ke8 16. Nb3 Bxe3 17. Rxe3 Bg4 18. Rd2 Be6 19. Nc5 Kf7 20. Nxb7 Ra7 21.
Nc5 Rd8 22. Nxe6 Kxe6 23. Bc4+ Nd5 24. exd5+ Ke7 25. f4 Kf8 26. fxe5 fxe5 27.
Rxe5 a5 28. d6 Rb7 29. Rf2+ 1-0

[Event "Let's Play Chess!"]
[Site "http://www.queenalice.com/game.php?id=1511214"]
[Date "2018.1.10"]
[Round "-"]
[White "Rovigo"]
[Black "SannyMcPoepst"]
[Result "0-1"]
[WhiteElo "1554"]
[BlackElo "1928"]

1. e4 d5 2. Bb5+ c6 3. Ba4 dxe4 4. d3 exd3 5. cxd3 Nf6 6. Bg5 Qa5+ 7. Qd2 Qxa4
8. b3 Qd4 9. Nc3 Bf5 10. Nf3 Qxd3 11. Nh4 Qxd2+ 12. Kxd2 Bg6 13. Rhe1 Nbd7 14.
Re3 e6 15. Rae1 O-O-O 16. f4 Nc5+ 17. Kc1 Be7 18. f5 Bh5 19. Bxf6 Bxf6 20. b4
Nd3+ 21. Kd2 Nxe1+ 22. Kxe1 Bxh4+ 23. g3 Bg5 24. Re4 exf5 25. Re7 Bxe7 26. b5
Bb4 27. Kf2 Bxc3 28. bxc6 Rd2+ 29. Ke3 Re8+ 30. Kf4 Re4+ 31. Kg5 Rg4+ 32. Kxf5
Rf2# 0-1

[Event "Let's Play Chess!"]
[Site "http://www.queenalice.com/game.php?id=1511441"]
[Date "2018.1.14"]
[Round "-"]
[White "SannyMcPoepst"]
[Black "celsopereira"]
[Result "0-1"]
[WhiteElo "1928"]
[BlackElo "1892"]

1. e4 c5 2. Nf3 d6 3. Bb5+ Bd7 4. Bxd7+ Qxd7 5. O-O g6 6. d4 Bg7 7. dxc5 dxc5 8.
c3 Nf6 9. Nbd2 Nc6 10. Nc4 Qc7 11. Be3 b6 12. Qc2 e5 13. Rfd1 O-O 14. Rd2 Rad8
15. Rad1 Ng4 16. h3 Nxe3 17. Nxe3 Rxd2 18. Rxd2 Ne7 19. Nd5 Nxd5 20. exd5 Qd6
21. Qe4 f6 22. Rd3 a6 23. Nd2 b5 24. a4 f5 25. Qh4 e4 26. Nxe4 fxe4 27. Qxe4 b4
28. cxb4 cxb4 29. b3 a5 30. Qc4 Bf6 31. Qb5 Bd8 32. Re3 Qf6 33. Rf3 Qa1+ 34. Kh2
Bc7+ 0-1